Systémy finanční analýzy a sledování bonity podniků
Význam vyčísľovania finančnej pozície podniku. Hodnotenie klientov na základe zdrojovej bázy dát o ich hospodárení (Obchodný vestník). Metodické hľadiská pre porovnanie metód finančnej analýzy pri hodnotení klientov a investícií. Charakteristika niektorých počítačových programov na stanovovanie fina...
Guardado en:
| Autor principal: | |
|---|---|
| Otros Autores: | |
| Formato: | Capítulo de libro |
| Lenguaje: | checo |
| Materias: | |
| Etiquetas: |
Sin Etiquetas, Sea el primero en etiquetar este registro!
|
MARC
| LEADER | 00000naa a2200000 4500 | ||
|---|---|---|---|
| 001 | r022969 | ||
| 005 | 20230908090425.8 | ||
| 041 | 0 | |a cze | |
| 044 | |a CZ | ||
| 245 | 1 | 0 | |a Systémy finanční analýzy a sledování bonity podniků |c E. Špaček, K. Hubálek |
| 520 | |a Význam vyčísľovania finančnej pozície podniku. Hodnotenie klientov na základe zdrojovej bázy dát o ich hospodárení (Obchodný vestník). Metodické hľadiská pre porovnanie metód finančnej analýzy pri hodnotení klientov a investícií. Charakteristika niektorých počítačových programov na stanovovanie finančnej pozície klientov (TOREX, BONITA, CAPITAL MANAGER, STAR CAPITAL, BILANA, HARMON, COMFAR, VESNA, programový komplex fy VALEX, STRATEG, PENTOK). Finančné analýzy v rámci manažérskych informačných systémov. | ||
| 610 | 2 | 0 | |a analýza finančná |
| 610 | 2 | 0 | |a podnik |
| 610 | 2 | 0 | |a banky |
| 610 | 2 | 0 | |a bonita |
| 610 | 2 | 0 | |a zákazníci |
| 610 | 2 | 0 | |a emitenti |
| 610 | 2 | 0 | |a programy počítačové |
| 610 | 2 | 0 | |a systémy informačné manažérske |
| 100 | 1 | |a Špaček, E. | |
| 700 | 1 | |a Hubálek, K. | |